Horrid Henry meets the Queen / (Record no. 1859)

MARC details
000 -LEADER
fixed length control field 01430pam a2200301 a 4500
003 - CONTROL NUMBER IDENTIFIER
control field Uk
005 - DATE AND TIME OF LATEST TRANSACTION
control field 20231005105757.0
020 ## - INTERNATIONAL STANDARD BOOK NUMBER
International Standard Book Number 9781444005516 (pbk.) :
Terms of availability £4.99
020 ## - INTERNATIONAL STANDARD BOOK NUMBER
International Standard Book Number 1444005510 (pbk.) :
Terms of availability £4.99
040 ## - CATALOGING SOURCE
Original cataloging agency StDuBDS
Language of cataloging eng
Transcribing agency StDuBDS
Modifying agency Uk
082 04 - DEWEY DECIMAL CLASSIFICATION NUMBER
Classification number 823.92
Edition number 23
100 1# - MAIN ENTRY--PERSONAL NAME
Personal name Simon, Francesca.
245 10 - TITLE STATEMENT
Title Horrid Henry meets the Queen /
Statement of responsibility, etc. Francesca Simon ; illustrated by Tony Ross.
260 ## - PUBLICATION, DISTRIBUTION, ETC.
Place of publication, distribution, etc. London :
Name of publisher, distributor, etc. Orion Children's,
Date of publication, distribution, etc. 2012.
300 ## - PHYSICAL DESCRIPTION
Extent 79 pages :
Other physical details color illustrations ;
Dimensions 20 cm.
490 0# - SERIES STATEMENT
Series statement Early reader
500 ## - GENERAL NOTE
General note Originally published: as part of a collection with the same title. 2004.
500 ## - GENERAL NOTE
General note Formerly CIP.
Institution to which field applies Uk
505 ## - FORMATTED CONTENTS NOTE
Formatted contents note K
520 ## - SUMMARY, ETC.
Summary, etc. Early Readers are stepping stones from picture books to reading books. A blue Early Reader is perfect for sharing and reading together. A red Early Reader is the next step on your reading journey. The Queen is coming to visit Horrid Henry's school. The real live Queen! Henry can't believe it. But when Miss Battle-Axe puts him in the back row, Henry is furious. Now how is he meant to find out how many TVs she has? Somehow Henry has to get himself noticed - and show the Queen just how horrid he can be . . .
521 ## - TARGET AUDIENCE NOTE
Target audience note 480 <br/>
Source Lexile
521 ## - TARGET AUDIENCE NOTE
Target audience note K <br/>
Source Raz-Plus
650 #0 - SUBJECT ADDED ENTRY--TOPICAL TERM
Topical term or geographic name entry element Horrid Henry (Fictitious character)
Form subdivision Juvenile fiction.
655 #0 - INDEX TERM--GENRE/FORM
Genre/form data or focus term Children's stories.
700 1# - ADDED ENTRY--PERSONAL NAME
Personal name Ross, Tony.
942 ## - ADDED ENTRY ELEMENTS (KOHA)
Source of classification or shelving scheme Dewey Decimal Classification
Koha item type Books
Suppress in OPAC No
999 ## -
-- 1859
-- 1859
Holdings
Withdrawn status Lost status Source of classification or shelving scheme Damaged status Not for loan Collection Home library Current library Shelving location Date acquired Total Checkouts Full call number Barcode Date last seen Price effective from Koha item type
    Dewey Decimal Classification     Juvenile Fiction Footprints International School Library Network Toul Kork Campus Footprints International School Library Network Toul Kork Campus TK Primary Library Room(4th Floor), Bookcase 1&2, Shelves 1-16, Dark Blue Books 10/05/2023   SIM 823.92 PZ7.M507 FISTKG2B062 10/05/2023 10/05/2023 Books